00232nam a2200085 4500245005700000100002300057260003000080300001700110082001900127 aBones and distances : poemscby Srinivas Rayaprol  aRayaprol, Srinivas aCalcutta bP. Lalcc 1968 a32p. ; 22cm aInb821.2 RAY